| 000 | 00863 a2200289 4500 | ||
|---|---|---|---|
| 005 | 20251212101254.0 | ||
| 008 | 251212b |||||||| |||| 00| 0 eng d | ||
| 041 | _aFr | ||
| 044 | _aCIV | ||
| 090 | _bDG/N/3099 | ||
| 100 | _aKPASSA, Guy Esaie | ||
| 110 | _bCote d'Ivoire | ||
| 110 | _aCentre National de Recherche Agronomique | ||
| 245 |
_aEnquete de satisfaction clients pour les semences de palmier a huile _b: rapport de stage (Brevet de Technicien Superieur) |
||
| 260 | _aAbidjan | ||
| 260 | _bCNRA | ||
| 260 | _c2025 | ||
| 302 | _a48 p. | ||
| 388 | _a2025-12-12 | ||
| 650 |
_2AGROVOC _gBTS |
||
| 650 |
_gEnquete _2AGROVOC |
||
| 650 |
_gSatisfaction _2AGROVOC |
||
| 650 |
_gClient _2AGROVOC |
||
| 650 |
_gSemence _2AGROVOC |
||
| 650 |
_gPalmier a huile _2AGROVOC |
||
| 856 | _uhttps://ftech.byethost7.com/wp-content/uploads/2025/12/DGN3099.pdf | ||
| 999 |
_c5998 _d5998 |
||